Introductory mathematics & statistics for business (Record no. 220346)

MARC details
000 -LEADER
fixed length control field 00597nam a2200205Ia 4500
008 - FIXED-LENGTH DATA ELEMENTS--GENERAL INFORMATION
fixed length control field 191130s2002##################000#0#eng##
020 ## - INTERNATIONAL STANDARD BOOK NUMBER
ISBN 9780074710425
082 ## - DEWEY DECIMAL CLASSIFICATION NUMBER
Classification number 650.01513 CRO
100 ## - MAIN ENTRY--AUTHOR NAME
Personal name Croucher, John S
245 ## - TITLE STATEMENT
Title Introductory mathematics & statistics for business
Statement of responsibility, etc [by] John S. Croucher
260 ## - PUBLICATION, DISTRIBUTION, ETC. (IMPRINT)
Place of publication New York
Name of publisher McGraw-Hill
Year of publication 2002
300 ## - PHYSICAL DESCRIPTION
Number of Pages 1 v. (various pagings) : ill. ; 24 cm
500 ## - GENERAL NOTE
General note Includes Glossary
650 ## - SUBJECT ADDED ENTRY--TOPICAL TERM
Topical Term Statistics
991 ## -
-- 357796
Holdings
Withdrawn status Lost status Damaged status Not for loan Home library Current library Shelving location Date acquired Full call number Accession Number Price effective from Koha item type
        Anna Centenary Library Anna Centenary Library 6TH FLOOR, A WING 13.10.2020 650.01513 CRO 405776 13.10.2020 English Books

Find us on the map